000 00514nam a2200181Ia 4500
005 20250508162648.0
008 008 250505s9999 xx 000 0 hin d
037 _aTextual
040 _aFEDL
_beng
_cFEDL
041 _ahin
_2eng
084 _a891.431 09, MIS
_qFEDL
100 _aMisra Pramhansh
_9773735
245 0 _aPrasad aur pratyabhigyadarshan
260 _aVaranasi, India
_bPratyabhigya Prakashan
300 _a454p
942 _cTEXL
_h891.431 09, MIS
999 _c1377912
_d1377912